书目信息 |
| 题名: |
代谢与营养
|
|
| 作者: | 贝尼昂, , Benyon, 编 | |
| 分册: | ||
| 出版信息: | 北京 科学出版社 2002 |
|
| 页数: | 244页 | |
| 开本: | 26cm | |
| 丛书名: | 风暴式医学教程 | |
| 单 册: | ||
| 中图分类: | Q493 | |
| 科图分类: | ||
| 主题词: | 代谢--dai xie--教材--英文 , 营养(生物)--ying yang ( sheng wu )--教材--英文 , 营养(生物)--ying yang ( sheng wu ) , 代谢--dai xie | |
| 电子资源: | ||
| ISBN: | 7-03-009686-X | |
| 000 | 01221nam 2200349 450 | |
| 001 | CAL 012006084843 | |
| 005 | 20061030104650.57 | |
| 010 | @a7-03-009686-X@dCNY39.00 | |
| 099 | @aCAL 012006084843 | |
| 100 | @a20060909d2002 emky0chiy0120 ea | |
| 101 | 0 | @aeng@fchi@gchi |
| 102 | @aCN@b110000 | |
| 105 | @aa z 001yy | |
| 200 | 1 | @a代谢与营养@Adai xie yu ying yang@d= Metabolism and nutrition@f(英)[S. 贝尼昂]Sarah Benyon[编]@zeng |
| 205 | @a影印版 | |
| 210 | @a北京@c科学出版社@d2002 | |
| 215 | @a244页@c图@d26cm | |
| 225 | 2 | @a风暴式医学教程@Afeng bao shi yi xue jiao cheng@d= Mosby's crash course@fDaniel Horton-Szar编@zeng |
| 300 | @a原版英文医学教程 | |
| 306 | @a与美国哈克出版集团国际公司合作出版 | |
| 320 | @a附索引 (第232-244页) | |
| 410 | 0 | @12001 @a风暴式医学教程 |
| 510 | 1 | @aMetabolism and nutrition@zeng |
| 606 | 0 | @a代谢@Adai xie@j教材@j英文 |
| 606 | 0 | @a营养(生物)@Aying yang ( sheng wu )@j教材@j英文 |
| 606 | 0 | @a营养(生物)@Aying yang ( sheng wu ) |
| 606 | 0 | @a代谢@Adai xie |
| 690 | @aQ493@v4 | |
| 701 | 1 | @c(英)@a贝尼昂,@Abei ni ang@bS.@g(Benyon, Sarah)@4编 |
| 701 | 1 | @c(英)@aBenyon,@bS.@g(Benyon, Sarah)@4编 |
| 801 | 0 | @aCN@c20061030 |
| 905 | @a10447@dQ493@eB685 | |
| 代谢与营养= Metabolism and nutrition/(英)[S. 贝尼昂]Sarah Benyon[编].-影印版.-北京:科学出版社,2002 |
| 244页:图;26cm.-(风暴式医学教程= Mosby's crash course/Daniel Horton-Szar编) |
| 原版英文医学教程 |
| ISBN 7-03-009686-X:CNY39.00 |
| ● |
| 相关链接 |
|
|
|
正题名:代谢与营养
索取号:Q493/B685
 
预约/预借
| 序号 | 登录号 | 条形码 | 馆藏地/架位号 | 状态 | 备注 |
| 1 | 633588 | 206335884 | 自科库401/401自科库 27排4列5层/ [索取号:Q493/B685] | 在馆 | |
| 2 | 633589 | 206335893 | 自科库401/401自科库 27排4列5层/ [索取号:Q493/B685] | 在馆 |